Chorote : entre brujos y dioses /

En la actualidad, Misión Chorote, en las afueras de Tartagal, atraviesa las controversias de una comunidad en la que conviven pastores y brujos, cultos evangélicos y curaciones chamánicas, cantos ancestrales y bailes actuales. Relatos de esa convivencia.

Guardado en:
Autor Principal: Rousso, Julián
Autor Corporativo: Canal Encuentro.
Formato: Deslizar
Publicado: Argentina, 2009
Series:Pueblos Originarios III
Materias:
Etiquetas: Agregar Etiqueta
Sin Etiquetas, Sea el primero en etiquetar este registro!
LEADER 01064ngm a22002895g 4500
001 CEM.cems024019
008 130507s2009##################0###0#####d
005 20250805194601.0
245 1 0 |a Chorote :  |b entre brujos y dioses /  |c Julián Rousso. 
260 |a Argentina,  |c 2009 
300 |a 28'. 
490 0 |a Pueblos Originarios III 
538 |a Soporte: DVD - Grabación DRD 
520 |a En la actualidad, Misión Chorote, en las afueras de Tartagal, atraviesa las controversias de una comunidad en la que conviven pastores y brujos, cultos evangélicos y curaciones chamánicas, cantos ancestrales y bailes actuales. Relatos de esa convivencia. 
500 |a Consultar en ventanilla. 
100 1 |a Rousso, Julián 
710 2 |a Canal Encuentro. 
082 3 0 |/ ROU-3 
653 |a SOCIEDAD 
653 |a PUEBLOS ORIGINARIOS 
653 |a ABORIGENES 
653 |a INDIGENAS 
653 |a INDIGENISMO 
653 |a ETNIAS 
653 |a CHOROTE 
653 |a SERIE DE TELEVISIÓN 
859 |a CEMS  |b BIB. CEMS - Depto. Recursos Didacticos  |h 301  |i ROU-3  |k DRD  |p 2662.16  |t Ej.1